දියවර : කළමනාකරණ සිද්ධි අධ්‍යයන කළඹ.

Diyawara
Saved in:
Bibliographic Details
Format: Book
Published: කොළඹ : ශ්‍රී ලංකා සංවර්ධන පරිපාලන ආයතනය, 2014.
Subjects:
Tags: Add Tag
No Tags, Be the first to tag this record!

MARC

LEADER 00000nam a22000007a 4500
003 LK-CoNLD
005 20251030111715.0
008 230619b |||||||| |||| 00| 0 ||| d
015 |2 slnb 
017 |b LK-CoDNA 
040 |b SIN  |a LK-CoNLD  |c LK-CoNLD  |d LK-CoNLD 
082 |2 23  |q LK-CoNLD  |a 658 
245 |6 880-1  |a දියවර  |b  : කළමනාකරණ සිද්ධි අධ්‍යයන කළඹ. 
260 |a කොළඹ :  |b ශ්‍රී ලංකා සංවර්ධන පරිපාලන ආයතනය,  |c 2014. 
300 |a පි. [viii],127 : ඡායාරූප ;  |c සෙමී. 21.  |b මැබැ-බෝක : රු. 300.00 
650 0 |a Management   |9 6106 
650 0 |a කළමණාකරණය  |9 29103 
880 |6 245-1  |a Diyawara 
942 |c BOOK 
945 |a 8018  |b Saumya WEERASINGHE  |c 18375  |d Vijani RODRIGO 
999 |c 277966  |d 277966